serun
ՀԱՅ ԳԻՐՔ = Armenian Book

Բժշկարան / (Record no. 165144)

000 -LEADER
fixed length control field nam a22 a 4500
003 - CONTROL NUMBER IDENTIFIER
control field AM-YeNLA
005 - DATE AND TIME OF LATEST TRANSACTION
control field 20251017162943.0
007 - PHYSICAL DESCRIPTION FIXED FIELD--GENERAL INFORMATION
fixed length control field ta
008 - FIXED-LENGTH DATA ELEMENTS--GENERAL INFORMATION
fixed length control field 251017s2023 ai do||gr|||||001|0|arm||
020 ## - INTERNATIONAL STANDARD BOOK NUMBER
International Standard Book Number 978-9939-0-0467-9
040 ## - CATALOGING SOURCE
Language of cataloging arm
Transcribing agency AM-YeNLA
041 0# - LANGUAGE CODE
Language code of text/sound track or separate title arm
100 1# - MAIN ENTRY--PERSONAL NAME
Personal name Աշոտյան, Աշոտ
9 (RLIN) 41322
245 10 - TITLE STATEMENT
Title Բժշկարան /
Statement of responsibility, etc. Ա. Աշոտյան ; Նախաբանի հեղինակ՝ Վ.Պ. Հակոբյան.
260 ## - PUBLICATION, DISTRIBUTION, ETC. (IMPRINT)
Place of publication, distribution, etc. Երևան :
Name of publisher, distributor, etc. Հեղինակային հրատարակություն,
Date of publication, distribution, etc. 2023.
300 ## - PHYSICAL DESCRIPTION
Extent 207 էջ + [16] ներդիր էջ ։
Other physical details գունավոր լուսանկարներ, աղյուսակներ ;
Dimensions 24 սմ.
500 ## - GENERAL NOTE
General note 2012-ից գիրքը վերահրատարակվում է վեցերորդ անգամ։
504 ## - BIBLIOGRAPHY, ETC. NOTE
Bibliography, etc Բուսանունների ցանկ՝ էջ 197-203։
504 ## - BIBLIOGRAPHY, ETC. NOTE
Bibliography, etc Օգտագործված գրականության ցանկ՝ էջ 204։
650 14 - SUBJECT ADDED ENTRY--TOPICAL TERM
Topical term or geographic name as entry element Ժողովրդական բժշկություն
General subdivision Դեղաբույսեր
650 14 - SUBJECT ADDED ENTRY--TOPICAL TERM
Topical term or geographic name as entry element Բուսաբուժություն
700 1# - ADDED ENTRY--PERSONAL NAME
Personal name Հակոբյան, Վ.Պ.
Relator term նախաբանի հեղինակ
Relator code aui
942 ## - ADDED ENTRY ELEMENTS (KOHA)
Source of classification or shelving scheme
Koha item type Books
Holdings
Withdrawn status Lost status Source of classification or shelving scheme Damaged status Not for loan Permanent Location Current Location Date acquired Inventory number Date last seen Price effective from Koha item type
          National Library of Armenia National Library of Armenia 2025-10-17 ՀԱԳ 2025-10-17 2025-10-17 Books

Հայաստանի ազգային գրադարան ՀՀ, 0009,Երևան, Տերյան 72
Հետադարձ կապ